000 01485nam a2200277Ia 4500
999 _c52741
_d52741
001 19767
003 GE_BSU
005 20200421224011.0
008 181216s1973||||ge |||||||||||||| ||geo||
040 _cGE_BSU
041 _ageo
080 _a81'374(038)=353.1'01 ა-20
100 _aაბულაძე, ილია
_93494
245 _aძველი ქართული ენის ლექსიკონი : მასალები = Словарь древнегрузинского языка /
_cილია აბულაძე ; რედ. ე. მეტრეველი, ც. ქურციკიძე
264 _aთბილისი :
_bმეცნიერება,
_c1973.
300 _a577 გვ. ;
_c29 სმ.
500 _aპარალელური თავფურცელი რუსულ ენაზე
541 _h10ლ.
653 _aქართული ენა
653 _aძველი ქართული ენის ლექსიკონი
700 _aმეტრეველი, ე.
_eრედაქტორი
_91788
700 _aქურციკიძე, ც.
_eრედაქტორი
_91286
710 _aსაქრთველოს სსრ მეცნიერებათა აკადემია
_97946
710 _aკ. კეკელიძის სახელობის ხელნაწერთა ინსტიტუტი
_97947
942 _cBK
_2udc